| 000 | 00481ntaaa2200193 4500 | ||
|---|---|---|---|
| 003 | 01 | ||
| 005 | 20251027202338.0 | ||
| 008 | 0714s1973 ag 01 | ||
| 040 |
_aAR-BaBN _bspa _cAR-BaBN _eaacr _dRIC |
||
| 082 | _a296.4000 Ei8 | ||
| 100 |
_aEisenberg, Azriel _922095 |
||
| 245 | _aEl libro del Bar Mitzva | ||
| 250 | _a1 ed. | ||
| 260 |
_aBuenos Aires : _bEditorial Candelabro, _c1962 |
||
| 300 | _a246 p | ||
| 650 |
_aBar-Mitzva _922096 |
||
| 650 |
_aJudios _910184 |
||
| 942 | _cBK | ||
| 999 |
_c18321 _d18321 |
||